Books by Antagonist Quiz Stats

 Plays Quiz Updated Sep 21, 2018

Score 0/20 Timer 06:00
1 Play Today
Antagonist Book % Correct
Captain HookPeter Pan
96.1%
The Wicked Witch of the WestThe Wonderful Wizard of Oz
96%
Lord VoldemortHarry Potter (series)
95.1%
The Queen of HeartsAlice's Adventures in Wonderland
88.1%
The White Witch (Jadis)The Lion, the Witch, and the Wardrobe
68%
Long John SilverTreasure Island
66.9%
Miss TrunchbullMatilda
55.8%
Professor MoriartyThe Final Problem
50.9%
Nurse RatchedOne Flew Over the Cuckoo's Nest
50.6%
SmaugThe Hobbit
44.2%
Antagonist Book % Correct
Cardinal RichelieuThe Three Musketeers
36.7%
Madame DefargeA Tale of Two Cities
23%
CurleyOf Mice And Men
22.1%
O'BrienNineteen Eighty-Four
17.8%
GalbatorixThe Inheritance Cycle
17%
Simon LegreeUncle Tom's Cabin
16.4%
Jack MerridewLord of the Flies
16.2%
Randall FlaggThe Stand
12%
AssefThe Kite Runner
11.4%
Jason CompsonThe Sound and the Fury
5.2%

You're not logged in!

Compare scores with friends on all Sporcle quizzes.
OR
Log In

Sporcle TV

Today on Sporcle TV


Watch our educational content, quiz creation guides, and fun videos on Sporcle TV.

Show Comments

Extras

Top Quizzes Today


Score Distribution

Your Account Isn't Verified!

In order to create a playlist on Sporcle, you need to verify the email address you used during registration. Go to your Sporcle Settings to finish the process.

Report this User

Report this user for behavior that violates our Community Guidelines.

Details: